000 00308nam a2200121Ia 4500
008 190216s9999||||xx |||||||||||||| ||und||
100 _aWells Hg
245 4 _aThe War Of The World
260 _bHeinemann Educational Books Ltd
_c1967
300 _a182p
650 _aEnglish Novel-English Novel
942 _cBK
999 _c12423
_d12423